000 00682nam a22001817a 4500
003 NUST-PNEC
005 20170114142547.0
008 140718b xxu||||| |||| 00| 0 eng d
020 _a0470125373
040 _cPNEC
082 _a620.11 CAL
100 _9184
_aCallister William D.
245 _aFundamentals of Materials Science and Engineering: An Integrated Approach
_cWilliam D. Callister
300 _a912 p
_bill. :
500 _aIncludes index. http://www.amazon.com/Fundamentals-Materials-Science-Engineering-Integrated/dp/0470125373/ref=sr_1_2?s=books&ie=UTF8&qid=1405652628&sr=1-2&keywords=fundamentals+of+materials+science+by+william
650 _xME
942 _2ddc
_cBK
999 _c60229
_d60229